[Event "Najdorf Memorial"]
[Site "Warsaw POL"]
[Date "2024.07.16"]
[Round "8.39"]
[White "Wojtaszewski, Piotr"]
[Black "Matskevich, Varvara"]
[Result "1-0"]
[WhiteElo "2028"]
[BlackElo "1946"]

1. e4 c5 2. Nc3 Nc6 3. Bc4 e6 4. f4 d6 5. Nf3 Nf6 6. Bb3 Nd4 7. d3 Be7 8.
Nxd4 cxd4 9. Ne2 e5 10. O-O O-O 11. Ng3 Re8 12. fxe5 dxe5 13. Nf5 Bxf5 14.
Rxf5 Qd6 15. Bg5 Rf8 16. Qf3 Kh8 17. Rf1 Rac8 18. Qh3 Rc6 19. Bh4 b5 20.
Bg3 Rc5 21. Be1 Rc6 22. Qg3 g6 23. Rxe5 Nh5 24. Rxh5 gxh5 25. Qxd6 Bxd6 26.
Bh4 Be5 27. Be7 Re8 28. Rxf7 Rg6 29. Bh4 a5 30. Rf5 Rg7 31. a4 h6 32. axb5
Kh7 33. Bd5 Rc7 34. Bc4 Kg7 35. Rxh5 Rc5 36. Rf5 Rf8 37. Rxf8 Kxf8 38. Be1
Bc7 39. Bf2 Bb6 40. Kf1 Ke7 41. Ke2 Kd6 42. b3 Rg5 43. g3 Ke5 44. Be1 Rg6
45. Bd2 Rf6 46. Bf4+ Rxf4 47. gxf4+ Kxf4 48. Kd2 h5 49. Be6 Ke5 50. Bf7 h4
51. c3 Bc5 52. cxd4+ Bxd4 53. Kc2 Kf4 54. h3 Ke5 55. b4 axb4 56. Kb3 Bb6
57. Kxb4 Kd4 58. Bc4 Ke5 59. Kc3 Bd4+ 60. Kd2 Kf4 61. Be6 Ke5 62. Bd7 Kf4
63. Ke2 Bb6 64. Kd2 Bd4 65. Kc2 Ke5 66. Kb3 Bb6 67. Kb4 Kd4 68. Bf5 Ke5 69.
Kc3 Bd4+ 70. Kd2 Kf4 71. Ke2 Bb6 72. Bd7 Bd4 73. Be6 Bb6 74. Bf7 Bd4 75.
Bc4 Bb6 76. e5 Kxe5 77. Kf3 Kd6 78. Kg4 Bf2 79. d4 Bg3 80. Kf5 Bf2 81. Ke4
Be1 82. Kf4 Bg3+ 83. Ke4 Bf2 84. Bd5 Kc7 85. Bc6 Kd6 86. Bd5 Kc7 87. Kd3
Kb6 88. Kc4 Be3 89. Be4 Bf2 90. Bc6 Bg1 91. Kd5 Bf2 92. Be8 Bg1 93. Ke5 Kc7
94. Bc6 Kb6 95. d5 Bh2+ 96. Ke6 Kc7 97. Be8 Kd8 98. Bh5 Bc7 99. d6 Bb6 100.
Kd5 Kc8 101. Kc6 Bd8 102. Bg4+ Kb8 103. Kd7 Bg5 104. Bf3 Bf4 105. Ke7 Bg5+
106. Ke8 Ka7 107. Kd7 Kb6 108. Bc6 Bf6 109. Kc8 1-0

[Event "Najdorf Memorial"]
[Site "Warsaw POL"]
[Date "2024.07.16"]
[Round "8.40"]
[White "Hury, Tymoteusz"]
[Black "Lecki, Leonard"]
[Result "1-0"]
[WhiteElo "1954"]
[BlackElo "2026"]

1. e4 c5 2. Nf3 g6 3. d4 cxd4 4. Nxd4 Bg7 5. Nc3 Nc6 6. Be3 Nf6 7. Nxc6
bxc6 8. e5 Ng8 9. Bd4 Nh6 10. e6 O-O 11. Bxg7 Kxg7 12. exd7 Qxd7 13. Qxd7
Bxd7 14. O-O-O Be6 15. Be2 Rac8 16. Rd4 Rc7 17. Rhd1 Nf5 18. Ra4 c5 19. Bg4
Rb8 20. Bxf5 Bxf5 21. Nd5 Rcb7 22. b3 g5 23. Ne3 Be6 24. Ra5 Rc8 25. c4 f5
26. Nd5 Rc6 27. Nc3 Kf6 28. Rd8 Ke5 29. Ra8 Kd4 30. Kc2 f4 31. R5xa7 Bf5+
32. Kd2 Rxa7 33. Rxa7 e6 34. Nb5+ Ke5 35. a4 Rc8 36. Rd7 Ra8 37. Kc1 g4 38.
Rc7 Rd8 39. Rxc5+ Ke4 40. a5 Kd3 41. Re5 Be4 42. g3 fxg3 43. hxg3 Rf8 44.
Nd6 Bg2 45. Re3+ Kd4 46. Nb5+ Kc5 47. Re2 Kb4 48. Kb2 Bf1 49. Rd2 Kxa5 50.
Nd4 Rf6 51. Kc3 e5 52. b4+ Ka6 53. Nc2 h5 54. Ne3 Rf3 55. b5+ Kb7 56. Kb4
Bh3 57. c5 h4 58. c6+ Kc8 59. b6 Rf8 60. Nd5 1-0

[Event "Najdorf Memorial"]
[Site "Warsaw POL"]
[Date "2024.07.16"]
[Round "8.41"]
[White "Dmochowska, Agnieszka"]
[Black "Kulpa, Zuzanna"]
[Result "0-1"]
[WhiteElo "2013"]
[BlackElo "1954"]

1. e4 c5 2. Nf3 d6 3. d4 cxd4 4. Nxd4 Nf6 5. Nc3 a6 6. Be2 e5 7. Nb3 Be7 8.
O-O Be6 9. Bf3 O-O 10. Re1 Nbd7 11. a4 Qc7 12. a5 Nc5 13. Nd2 Rac8 14. Nf1
Ncd7 15. Ne3 Nb8 16. Bd2 Nc6 17. Ncd5 Bxd5 18. exd5 Nd4 19. c3 Nxf3+ 20.
Qxf3 g6 21. Ra4 Nd7 22. Qe2 f5 23. f4 Bf6 24. fxe5 Nxe5 25. Kh1 Rce8 26.
Qf1 Bg7 27. Nc2 Qc5 28. c4 Ng4 29. Bb4 Qa7 30. c5 dxc5 31. Bc3 c4 32. h3
Nf2+ 0-1

[Event "Najdorf Memorial"]
[Site "Warsaw POL"]
[Date "2024.07.16"]
[Round "8.42"]
[White "Dobosiewicz, Dawid"]
[Black "Jarzebowski, Kacper"]
[Result "1/2-1/2"]
[WhiteElo "2028"]
[BlackElo "2131"]

1. Nf3 Nf6 2. c4 g6 3. b3 Bg7 4. Bb2 O-O 5. g3 c5 6. Bg2 Nc6 7. O-O d6 8.
d3 Bd7 9. e4 a6 10. Nc3 Rb8 11. h3 b5 12. Nd5 e6 13. Ne3 e5 14. Nd5 Nxd5
15. exd5 Ne7 16. Nd2 Nf5 17. Ne4 Bc8 18. Qd2 Rb7 19. f4 Nd4 20. Bxd4 exd4
21. Rae1 h6 22. h4 f5 23. Nf2 Bf6 24. Nh3 Re8 25. Rxe8+ Qxe8 26. Re1 Re7
27. Rxe7 Qxe7 28. Kf2 Qd8 29. Ng1 Bd7 30. Nf3 Kg7 31. Qe2 Qb8 32. Qd2 Bd8
33. h5 bxc4 34. dxc4 gxh5 35. Qe2 Qb4 36. Bh3 Qc3 37. Qd2 Qa1 38. Bf1 a5
39. a4 Qb1 40. Qd3 Qb2+ 41. Be2 Bf6 42. Nh4 Kf8 43. Nxf5 h4 44. Nxh4 Bxh4
45. gxh4 Bg4 46. h5 Qa2 47. Kf1 Qa1+ 48. Kg2 Qb2 49. Kf2 Qc3 50. Qe4 Qd2
51. Kf1 Qc1+ 52. Kf2 Qd2 53. Kf1 Bxe2+ 54. Qxe2 Qxf4+ 55. Kg2 Qg5+ 56. Kf2
Qh4+ 57. Kg2 Kg7 58. Qd2 Qg4+ 59. Kf2 Qf5+ 60. Kg3 Qe5+ 61. Kg2 Qe4+ 62.
Kg3 d3 63. Kf2 Qd4+ 64. Kf3 Kh7 65. Qg2 Qf6+ 66. Ke3 Qe5+ 67. Kxd3 Qxh5 68.
Qe4+ Kh8 69. Qe6 Qd1+ 70. Kc3 Qc1+ 71. Kd3 Qf1+ 72. Kc2 Qf2+ 73. Kd3 Qf3+
74. Kc2 Qg2+ 75. Kd3 Qg3+ 76. Ke4 Qh4+ 77. Kf5 Qg5+ 78. Ke4 Qg2+ 79. Kf5
Qg5+ 80. Ke4 Qg2+ 1/2-1/2

[Event "Najdorf Memorial"]
[Site "Warsaw POL"]
[Date "2024.07.16"]
[Round "8.43"]
[White "Alvarado, Carlos"]
[Black "Charvi, A"]
[Result "1-0"]
[WhiteElo "2108"]
[BlackElo "1960"]

1. Nf3 Nf6 2. b3 d5 3. Bb2 Bf5 4. d3 h6 5. g3 e6 6. Bg2 Be7 7. c4 O-O 8.
O-O Bh7 9. Nbd2 a5 10. a3 c6 11. Ra2 Nbd7 12. Qa1 b5 13. Rc1 Qb6 14. h3
Rfc8 15. Ne5 Bf8 16. Nxd7 Nxd7 17. d4 Nf6 18. c5 Qc7 19. b4 a4 20. Re1 Rd8
21. Bc1 Ne4 22. Nf3 Qe7 23. Bf4 f6 24. g4 h5 25. Nh2 hxg4 26. Nxg4 g5 27.
Bh2 Nd2 28. Rxd2 f5 29. Bd6 Qg7 30. Be5 Qg6 31. Nf6+ Kf7 32. Qc3 Be7 33.
Nxh7 Qxh7 34. Rd3 Rg8 35. Rg3 Rg6 36. Rd1 Ke8 37. Qd3 Kd7 38. Kf1 Bf8 39.
f4 Bh6 40. fxg5 Bxg5 41. Bxd5 cxd5 42. Qxb5+ Kd8 43. Qb6+ Ke8 44. Qc6+ Kf7
45. Qxa8 Qh4 46. Qh8 Qxh8 47. Bxh8 Ke8 48. c6 Rg8 49. Be5 Ke7 50. Bf4 Kf6
51. Rxg5 Rxg5 52. Bxg5+ Kxg5 53. c7 Kf4 54. c8=Q Ke3 55. Qxe6+ Kf4 56. Qe5+
Kg5 57. e4 dxe4 58. Ke2 Kh4 59. Qf4+ Kh5 60. Qxf5+ Kh6 61. Qg4 Kh7 62. Rg1
e3 63. Qg7# 1-0

[Event "Najdorf Memorial"]
[Site "Warsaw POL"]
[Date "2024.07.16"]
[Round "8.44"]
[White "Celinski, Kamil"]
[Black "Kaczmarek, Arkadiusz"]
[Result "1-0"]
[WhiteElo "2022"]
[BlackElo "2103"]

1. c4 e6 2. g3 d5 3. Bg2 Nf6 4. Nf3 Be7 5. O-O O-O 6. d4 c6 7. Nc3 Nbd7 8.
Qd3 b6 9. cxd5 cxd5 10. Bf4 a5 11. a4 Ba6 12. Nb5 Nh5 13. Bd2 Rc8 14. Qb3
g6 15. h4 Rc6 16. Nh2 Qb8 17. Ng4 Rcc8 18. Rae1 Bb7 19. Qf3 Bc6 20. Rc1 Kh8
21. Bh6 f5 22. Ne3 Rfe8 23. g4 fxg4 24. Qxg4 Bf8 25. Bg5 Bg7 26. Rxc6 Rxc6
27. Nxd5 Rc2 28. Nf4 Ndf6 29. Qf3 Rxb2 30. Rc1 Rc8 31. Rxc8+ Qxc8 32. Nd6
Qf8 33. Nc4 Rb1+ 34. Kh2 Nxf4 35. Qxf4 Nd5 36. Qe4 Qb8+ 37. Kh3 Rb3+ 38.
Bf3 Rb4 39. Qxe6 Rxc4 40. Bxd5 Rc3+ 41. Kg2 Qc8 42. Qxc8+ Rxc8 43. Be6 Rc2
44. e3 b5 45. axb5 a4 46. d5 Be5 47. d6 h6 48. d7 Bc7 49. d8=Q+ Bxd8 50.
Bxd8 Rc5 51. b6 Rb5 52. Bf6+ Kh7 53. Bd4 a3 54. Kf3 h5 55. Ke4 Rb1 56. Ke5
Rb5+ 57. Kf6 a2 58. Bxa2 Rf5+ 59. Ke6 Rxf2 60. b7 1-0

[Event "Najdorf Memorial"]
[Site "Warsaw POL"]
[Date "2024.07.16"]
[Round "8.45"]
[White "Sidorczuk, Pawel"]
[Black "Wadelek, Karol"]
[Result "1-0"]
[WhiteElo "2096"]
[BlackElo "1974"]

1. Nf3 d5 2. g3 c6 3. Bg2 Bg4 4. O-O e6 5. b3 Nf6 6. Bb2 Nbd7 7. d3 Bd6 8.
Nbd2 e5 9. e4 d4 10. h3 Bh5 11. Qe1 O-O 12. Nh4 Ne8 13. f4 f6 14. Bf3 Bf7
15. f5 c5 16. Qe2 g6 17. fxg6 hxg6 18. Bg4 Kg7 19. Rf2 b5 20. Raf1 Be7 21.
Bc1 Nd6 22. Kg2 a5 23. a4 bxa4 24. Nc4 Nxc4 25. bxc4 Rh8 26. Nf3 Ra6 27. h4
Be8 28. h5 g5 29. Rh1 Bf7 30. Qf1 Be8 31. Kg1 Rh6 32. Bd2 Ra8 33. Qc1 Nb8
34. Nh4 Nc6 35. Nf5+ Kh7 36. Nxh6 Kxh6 37. Kg2 Nb4 38. Bf5 Bc6 39. Bg6 Kg7
40. Bxg5 fxg5 41. Rf7+ Kg8 42. Qf1 Be8 43. Qf5 Qd6 44. Bh7+ Kh8 45. Bg8 Qh6
46. Rh7+ Qxh7 47. Qxh7# 1-0

[Event "Najdorf Memorial"]
[Site "Warsaw POL"]
[Date "2024.07.16"]
[Round "8.46"]
[White "Maack, Kjartan"]
[Black "Klim, Filip"]
[Result "0-1"]
[WhiteElo "2066"]
[BlackElo "2000"]

1. c4 e5 2. Nc3 Nf6 3. g3 Bb4 4. Bg2 O-O 5. Nd5 Nxd5 6. cxd5 d6 7. e3 Bf5
8. Ne2 Ba5 9. O-O Bd3 10. Re1 Nd7 11. a3 f5 12. f4 Bb6 13. b4 a5 14. Bb2 e4
15. Nc3 Nf6 16. Bf1 Bxf1 17. Kxf1 Qe8 18. Kg2 Qf7 19. Qb3 c6 20. b5 Bc5 21.
bxc6 bxc6 22. Qa4 cxd5 23. Ne2 Nd7 24. Bd4 Nb6 25. Qb5 Nc4 26. Bxc5 Rfb8
27. Qc6 Rc8 28. Qa4 dxc5 29. Rab1 Nxd2 30. Rb5 Nc4 31. Reb1 Nxe3+ 32. Kf2
d4 33. Rb7 Qh5 34. Qd7 Qf3+ 35. Ke1 Qf1+ 36. Kd2 Nc4+ 37. Kc2 Qxe2+ 0-1

[Event "Najdorf Memorial"]
[Site "Warsaw POL"]
[Date "2024.07.16"]
[Round "8.47"]
[White "Dalkowski, Rafal"]
[Black "Polak, Michal"]
[Result "1/2-1/2"]
[WhiteElo "2101"]
[BlackElo "1997"]

1. d4 Nf6 2. c4 e6 3. Nf3 b6 4. g3 Bb7 5. Bg2 g6 6. O-O Bg7 7. Nc3 Ne4 8.
Qc2 Nxc3 9. bxc3 d6 10. e4 Nd7 11. Bg5 Qc8 12. Rae1 h6 13. Be3 O-O 14. Nd2
e5 15. f4 Qe8 16. d5 Nf6 17. fxe5 Qxe5 18. Bd4 Qe7 19. e5 dxe5 20. Bxe5 Qd8
21. Bd4 Ne8 22. Qd3 Nd6 23. g4 Qh4 24. Bxg7 Kxg7 25. Qd4+ Kg8 26. Nf3 Qd8
27. Ne5 Kh7 28. c5 bxc5 29. Qxc5 f5 30. c4 Rc8 31. Qd4 Qf6 32. Qxa7 Rfe8
33. c5 Ra8 34. gxf5 gxf5 35. Qxa8 Bxa8 36. cxd6 cxd6 37. Nc6 Bxc6 38. dxc6
Rc8 39. Rxf5 Qxf5 40. Be4 Qxe4 41. Rxe4 Rxc6 42. Kf2 Kg6 43. a4 d5 44. Rf4
Rc2+ 45. Kg3 Ra2 46. h4 Ra3+ 47. Kf2 h5 48. Ke2 Rg3 49. Kd2 Kg7 50. Rd4 Kf6
51. a5 Ke5 52. Ra4 Rg7 53. Ke3 Rg3+ 54. Kf2 Rg7 55. Kf3 Ra7 56. Ke3 Ra6 57.
Ra1 d4+ 58. Kd3 Kf4 59. Ra4 Kg3 60. Kc4 Kxh4 61. Kb5 Ra8 62. Rxd4+ Kg3 63.
Rd6 1/2-1/2

[Event "Najdorf Memorial"]
[Site "Warsaw POL"]
[Date "2024.07.16"]
[Round "8.48"]
[White "Bergan, Gaute"]
[Black "Delega, Tomasz"]
[Result "1/2-1/2"]
[WhiteElo "2027"]
[BlackElo "1973"]

1. Nf3 Nf6 2. e3 d5 3. b3 Bg4 4. Bb2 Nbd7 5. d4 e6 6. Be2 Bb4+ 7. c3 Bd6 8.
c4 c6 9. Nbd2 O-O 10. O-O Ne4 11. Ne5 Bxe2 12. Qxe2 Nxd2 13. Qxd2 f6 14.
Nd3 Qe7 15. f3 f5 16. Ne5 Rad8 17. Nxd7 Rxd7 18. Qe2 Qh4 19. g3 Qh5 20.
Rae1 Bb4 21. Rc1 Rdf7 22. Bc3 Bd6 23. a3 Re8 24. Qg2 Qg6 25. c5 Bc7 26. f4
Qh5 27. b4 g5 28. Rc2 Rg7 29. Qf3 Qh3 30. Rg2 h5 31. Be1 Kf7 32. Qe2 a6 33.
Rf3 g4 34. Rf1 Bd8 35. Kf2 h4 36. a4 hxg3+ 37. hxg3 Rh8 38. Rfg1 Kf6 39. b5
axb5 40. axb5 Qh5 41. Bc3 Qe8 42. b6 Qg6 43. Ra1 Rh3 44. Qa2 Qf7 45. Be1
Kg6 46. Ke2 Rgh7 47. Bf2 Bf6 48. Qa8 Rh8 49. Qa2 Qh7 50. Rag1 Rh2 51. Rxh2
Qxh2 52. Qa7 Qh7 53. Qa1 Qg8 54. Rh1 Rxh1 55. Qxh1 Qa8 56. Qd1 Qa6+ 57. Qd3
Qa2+ 58. Qd2 Qa6+ 59. Qd3 Qa2+ 1/2-1/2

[Event "Najdorf Memorial"]
[Site "Warsaw POL"]
[Date "2024.07.16"]
[Round "8.49"]
[White "Siennicki, Gustaw"]
[Black "Harazinska, Magdalena"]
[Result "0-1"]
[WhiteElo "2012"]
[BlackElo "1969"]

1. d4 d5 2. Bf4 Nf6 3. e3 c5 4. c3 Nc6 5. Nf3 Qb6 6. Qc2 Bg4 7. Be2 e6 8.
O-O Be7 9. a4 cxd4 10. exd4 O-O 11. Nbd2 Rac8 12. Qb3 Qxb3 13. Nxb3 Ne4 14.
Bd3 Bf5 15. Rfe1 Nd6 16. Bxd6 Bxd3 17. Bxe7 Nxe7 18. a5 Rc7 19. h4 h6 20.
g3 Nf5 21. Nc5 Bb5 22. g4 Nd6 23. Nd2 b6 24. Ncb3 Nc4 25. Nxc4 Bxc4 26. Nd2
Rb8 27. axb6 Rxb6 28. b4 Ra6 29. f3 Rxa1 30. Rxa1 Bb5 31. Rc1 g5 32. hxg5
hxg5 33. Nb3 Kg7 34. Nc5 a6 35. Kf2 Ra7 36. Ra1 Ra8 37. Kg3 Rh8 38. Kg2 Ra8
39. Ra2 Bc4 40. Ra5 Bb5 41. Kg3 Rc8 42. Ra2 Rh8 43. Rh2 Rxh2 44. Kxh2 Kf6
45. Kg3 Ke7 46. f4 f6 47. Kf3 Kd6 48. Ke3 Bc4 49. Nb7+ Ke7 50. Na5 Bb5 51.
Nb3 Ba4 52. Nc5 Bb5 53. Kf3 Bc4 54. Na4 Bb5 55. Nb2 Kf7 56. Nd1 Bd3 57. Ne3
Ke7 58. Kg3 Kd6 59. Nd1 Ke7 60. Nf2 Bf1 61. Nd1 Bd3 62. Ne3 Kd6 63. Ng2 Be2
64. Ne1 Bd1 65. Nd3 Be2 66. Nf2 Bf1 67. Kf3 Ke7 68. Nh1 Bc4 69. Ke3 Bb3 70.
Nf2 Kf7 71. Nd3 Ke7 72. Kd2 Bc4 73. fxg5 fxg5 74. Ne5 Bb5 75. Kc2 Be2 76.
Kb3 Bb5 77. Nf3 Kf6 78. Ne5 Ke7 79. c4 dxc4+ 80. Kc3 Kd6 81. Nf7+ Kd5 82.
Nxg5 e5 83. Nf3 e4 84. Ne1 e3 85. g5 Be8 86. Nc2 e2 87. Kd2 Bh5 88. Kc3 Bg6
89. Ne1 Be4 90. Kd2 Kxd4 91. Kxe2 c3 92. Kd1 Kc4 93. Kc1 Kxb4 94. Nc2+ Kc5
95. Ne3 a5 96. Nc2 a4 97. Na1 a3 0-1

[Event "Najdorf Memorial"]
[Site "Warsaw POL"]
[Date "2024.07.16"]
[Round "8.50"]
[White "Lasota, Adam"]
[Black "Krasiewicz, Robert"]
[Result "1-0"]
[WhiteElo "1968"]
[BlackElo "2004"]

1. d4 Nf6 2. Bf4 g6 3. e3 Bg7 4. Be2 d6 5. h3 Nbd7 6. Nf3 O-O 7. O-O c5 8.
c3 b6 9. Nbd2 Bb7 10. Bh2 Qc7 11. a4 a6 12. Qb3 h6 13. Qa3 Rfc8 14. Rac1
Ne4 15. b4 Ndf6 16. a5 cxb4 17. cxb4 Qd8 18. axb6 Qxb6 19. Nc4 Qa7 20. Qa5
Nd7 21. h4 Bd5 22. Qxd5 g5 23. Qa5 1-0

[Event "Najdorf Memorial"]
[Site "Warsaw POL"]
[Date "2024.07.16"]
[Round "8.51"]
[White "Wieckowski, Michal"]
[Black "Bednarska-bzdega, Malgorzata"]
[Result "1-0"]
[WhiteElo "1964"]
[BlackElo "1956"]

1. e4 d5 2. exd5 Nf6 3. d4 Nxd5 4. c4 Nb6 5. Nf3 g6 6. Nc3 Bg7 7. c5 Nd5 8.
Bc4 Nxc3 9. bxc3 O-O 10. Bg5 b6 11. cxb6 axb6 12. O-O Nc6 13. Re1 h6 14.
Bh4 g5 15. Bg3 Bf5 16. Rc1 Ra5 17. d5 Nb8 18. Ne5 Rc5 19. Bb3 e6 20. c4 Kh8
21. Qf3 Qf6 22. Nd3 Bxd3 23. Qxd3 Qf5 24. Qxf5 exf5 25. f4 Na6 26. Bf2 Ra5
27. d6 cxd6 28. Bxb6 Ra3 29. Red1 Nc5 30. Rxd6 Nxb3 31. axb3 Rxb3 32. Bd4
Bxd4+ 33. Rxd4 Rc8 34. fxg5 hxg5 35. Rd5 Kg7 36. Rxf5 Kg6 37. Rd5 Rb6 38.
c5 Rbc6 39. Kf2 f6 40. Rc2 Ra6 41. Ke3 Rcc6 42. Rd7 Kf5 43. Re7 Rc8 44. h3
Ra1 45. g4+ Kg6 46. Kd4 Rd1+ 47. Kc4 Rf1 48. Rc3 Rd1 49. Rb7 Re1 50. Rb6
Kf7 51. c6 Ke7 52. Rd3 Rc1+ 53. Kb5 Rc2 54. Rb7+ Ke6 55. Re3+ 1-0

[Event "Najdorf Memorial"]
[Site "Warsaw POL"]
[Date "2024.07.16"]
[Round "8.52"]
[White "Slomczewski, Michal"]
[Black "Van Der Veen, Ronald"]
[Result "1-0"]
[WhiteElo "2081"]
[BlackElo "2003"]

1. e4 c6 2. d4 d5 3. e5 Bf5 4. h4 h6 5. g4 Be4 6. f3 Bh7 7. Bd3 Bxd3 8.
Qxd3 e6 9. h5 Qb6 10. b3 c5 11. Be3 Nc6 12. c3 Rc8 13. Ne2 cxd4 14. Bxd4
Bc5 15. Bxc5 Qxc5 16. f4 Nge7 17. Nd2 b5 18. b4 Qb6 19. Nb3 a5 20. a3 a4
21. Nc5 Na5 22. f5 Nc4 23. fxe6 Nxe5 24. exf7+ Nxf7 25. Nd4 Nd6 26. O-O
Rxc5 27. bxc5 Qxc5 28. Kg2 Kd7 29. Rae1 Qxa3 30. Qe2 Re8 31. Nxb5 Qc5 32.
Qe6+ Kc6 33. Nd4+ Kc7 34. Qe5 Nc6 35. Qxe8 Nxd4 36. Re7+ 1-0

[Event "Najdorf Memorial"]
[Site "Warsaw POL"]
[Date "2024.07.17"]
[Round "9.1"]
[White "Jarmula, Lukasz"]
[Black "Sengupta, Deep"]
[Result "1/2-1/2"]
[WhiteElo "2432"]
[BlackElo "2491"]

1. e4 e5 2. Nf3 Nc6 3. Bc4 Nf6 4. d3 Bc5 5. Nc3 d6 6. Na4 Bb6 7. a3 h6 8.
h3 Qe7 9. Bd2 Be6 10. Bxe6 Qxe6 11. Nxb6 axb6 12. c4 Nd7 13. Bc3 f5 14.
exf5 Qxf5 15. O-O O-O 16. d4 e4 17. Nd2 Rae8 18. Qc2 d5 19. Rae1 dxc4 20.
f3 Qd5 21. fxe4 Nxd4 22. exd5 Nxc2 23. Rxf8+ Rxf8 24. Re7 Rf7 25. Re8+ Rf8
26. Re7 1/2-1/2

[Event "Najdorf Memorial"]
[Site "Warsaw POL"]
[Date "2024.07.17"]
[Round "9.2"]
[White "Rozentalis, Eduardas"]
[Black "Chomczyk, Marek"]
[Result "1-0"]
[WhiteElo "2480"]
[BlackElo "2297"]

1. e4 c5 2. Nf3 Nc6 3. Bb5 h6 4. Bxc6 dxc6 5. d3 Qc7 6. a4 Nf6 7. Na3 g5 8.
b3 Bg7 9. Bb2 Bg4 10. Nc4 Qf4 11. Qd2 Qxd2+ 12. Nfxd2 Be6 13. O-O Rg8 14.
Rab1 Nh5 15. Bxg7 Rxg7 16. g3 Bh3 17. Rfe1 Nf4 18. Ne3 e6 19. f3 h5 20. Kf2
O-O-O 21. Nec4 Ng6 22. e5 Kc7 23. Ne4 b5 24. axb5 cxb5 25. Ncd6 Nxe5 26.
Nxb5+ Kc6 27. Nbc3 Bf5 28. Ra1 Bxe4 29. Rxe4 Nd7 30. Rxa7 Rgg8 31. Rea4 Nb6
32. R4a6 Ra8 33. Rxa8 Rxa8 34. Rxa8 Nxa8 35. Ne4 1-0

[Event "Najdorf Memorial"]
[Site "Warsaw POL"]
[Date "2024.07.17"]
[Round "9.3"]
[White "Mis, Mieszko"]
[Black "Kazakouski, Valery"]
[Result "0-1"]
[WhiteElo "2351"]
[BlackElo "2603"]

1. d4 Nf6 2. c4 e6 3. Nc3 d5 4. Nf3 Bb4 5. e3 c5 6. dxc5 Nc6 7. Bd2 Bxc5 8.
cxd5 exd5 9. Be2 O-O 10. O-O a6 11. a3 Bd6 12. b4 Ne5 13. Nxe5 Bxe5 14. Rc1
Re8 15. Bf3 Qd6 16. h3 Bf5 17. Re1 Rad8 18. Na4 Ne4 19. Bc3 Bh2+ 20. Kf1
Bd7 21. Bxe4 dxe4 22. Bd4 Bb5+ 23. Re2 Be5 24. Nc3 Bxe2+ 25. Nxe2 Rc8 26.
Kg1 Rxc1 27. Qxc1 Qc7 28. Qb2 Rc8 29. Qb3 Bxd4 30. Nxd4 Qc3 31. Qd5 Qxa3
32. Nf5 Qc1+ 33. Kh2 Qc7+ 34. g3 Re8 35. Qd4 Qe5 36. Qd7 Qe6 0-1

[Event "Najdorf Memorial"]
[Site "Warsaw POL"]
[Date "2024.07.17"]
[Round "9.4"]
[White "Fiszer, Bartosz"]
[Black "Krasenkow, Michal"]
[Result "1-0"]
[WhiteElo "2335"]
[BlackElo "2520"]

1. e4 c5 2. Nf3 Nc6 3. d4 cxd4 4. Nxd4 Nf6 5. Nc3 e5 6. Ndb5 d6 7. Bg5 a6
8. Na3 b5 9. Nd5 Be7 10. Bxf6 Bxf6 11. c3 O-O 12. Nc2 Bg5 13. a4 bxa4 14.
Rxa4 a5 15. Bc4 Rb8 16. b3 Kh8 17. Nce3 g6 18. h4 Bxh4 19. g3 Bg5 20. f4
exf4 21. gxf4 Bh4+ 22. Kf1 f5 23. Ra2 fxe4 24. Rah2 g5 25. Qh5 Ne5 26. Ke2
Nxc4 27. fxg5 Qxg5 28. Qxh4 Qxh4 29. Rxh4 Rf7 30. Nxc4 Ba6 31. Rxe4 Rxb3
32. Re8+ Kg7 33. Rg1+ Kh6 34. Kd3 Rg7 35. Re6+ Rg6 36. Rgxg6+ hxg6 37. Rxd6
Bb5 38. Nc7 Ba4 39. Nxa5 Rb1 40. Nc4 Kh5 41. Ne6 g5 42. Ne3 g4 43. Nf4+ Kh4
44. Rh6+ Kg5 45. Rg6+ 1-0

[Event "Najdorf Memorial"]
[Site "Warsaw POL"]
[Date "2024.07.17"]
[Round "9.5"]
[White "Koziorowicz, Michal"]
[Black "Markowski, Tomasz"]
[Result "1-0"]
[WhiteElo "2285"]
[BlackElo "2503"]

1. e4 c5 2. Nf3 d6 3. Bb5+ Nd7 4. d4 cxd4 5. Qxd4 a6 6. Bxd7+ Bxd7 7. Nc3
e5 8. Qd3 h6 9. O-O Rc8 10. Nd2 Qc7 11. a4 Nf6 12. h3 Be7 13. Rd1 Be6 14.
Nf1 O-O 15. Ne3 Qc5 16. Qe2 Bd8 17. Qf3 Be7 18. a5 Rfd8 19. Ra4 b5 20. axb6
Qxb6 21. Nf5 Bxf5 22. Qxf5 Rxc3 23. bxc3 Qc6 24. Ra5 Nxe4 25. Be3 Qxc3 26.
Rda1 Qxc2 27. Rxa6 g6 28. Qf3 Ng5 29. Qb7 Bf8 30. Rc6 Qf5 31. Bxg5 hxg5 32.
Rc7 Bg7 33. Ra8 Rf8 34. Re7 Qf6 35. Ree8 Rxe8 36. Rxe8+ Kh7 37. Re7 Kg8 38.
Qb8+ Bf8 39. Re8 Qg7 40. Qxd6 f6 41. Rc8 Qf7 42. Qd8 1-0

[Event "Najdorf Memorial"]
[Site "Warsaw POL"]
[Date "2024.07.17"]
[Round "9.6"]
[White "Janeczko, Jakub"]
[Black "Dzida, Kamil"]
[Result "0-1"]
[WhiteElo "2246"]
[BlackElo "2385"]

1. e4 e5 2. Nf3 Nc6 3. Bb5 a6 4. Ba4 Nf6 5. O-O Be7 6. d3 d6 7. Bxc6+ bxc6
8. h3 O-O 9. Re1 c5 10. Nbd2 Nd7 11. a4 f5 12. a5 Qe8 13. Nc4 Nf6 14. Bg5
Qf7 15. Ne3 f4 16. Bxf6 gxf6 17. Nf5 Bxf5 18. exf5 d5 19. g4 fxg3 20. fxg3
Rab8 21. b3 Bd6 22. Ra4 Rb4 23. Rxb4 cxb4 24. g4 Re8 25. Kg2 c6 26. Qe2 Re7
27. Qf2 e4 28. Nd2 exd3 29. cxd3 Rxe1 30. Qxe1 Qe7 31. Nf3 Qxe1 32. Nxe1 c5
33. Kf3 c4 34. dxc4 dxc4 35. Ke2 cxb3 36. Kd1 Bc7 37. Kc1 Bxa5 38. Kb2 Bc7
39. Kxb3 Bd6 40. Nf3 Kg7 41. Ka4 Kf7 42. Kb3 Ke7 43. h4 h6 44. Nd2 Kf7 45.
Ne4 Be7 46. Ng3 Ke8 47. Ne4 a5 48. Ka4 Kd7 49. Kxa5 Kc6 50. Ka4 Kd5 51.
Nxf6+ Bxf6 52. Kxb4 Bxh4 53. Kc3 Ke4 54. Kd2 Kf3 55. Kd1 Kxg4 56. Ke2 Kg3
57. Kf1 Kh2 0-1

[Event "Najdorf Memorial"]
[Site "Warsaw POL"]
[Date "2024.07.17"]
[Round "9.7"]
[White "Kokoszczynski, Jan"]
[Black "Dhananjay, S"]
[Result "1-0"]
[WhiteElo "2314"]
[BlackElo "2207"]

1. d4 Nf6 2. c4 e6 3. Nc3 Bb4 4. f3 d5 5. a3 Be7 6. e4 dxe4 7. fxe4 c5 8.
d5 exd5 9. exd5 O-O 10. Be2 Bd6 11. Nf3 Bg4 12. O-O Bxf3 13. Rxf3 Nbd7 14.
Bf4 Bxf4 15. Rxf4 Qb6 16. Qd2 Rae8 17. Raf1 Re5 18. Bd3 Rfe8 19. Bf5 Nf8
20. Qf2 Ng6 21. Bxg6 hxg6 22. Na4 Qa5 23. Nxc5 Re2 24. Qd4 b6 25. Nb3 Qa4
26. Nc1 R2e4 27. Qd3 b5 28. Rxe4 Nxe4 29. cxb5 Nc5 30. Qf3 Qd4+ 31. Kh1 f5
32. Rd1 Qxb2 33. d6 Ne4 34. Kg1 Qxb5 35. Qb3+ Qxb3 36. Nxb3 Rd8 37. d7 Kf7
38. Na5 Nc3 39. Rd3 Ne2+ 40. Kf2 Nf4 41. Rd1 1-0

[Event "Najdorf Memorial"]
[Site "Warsaw POL"]
[Date "2024.07.17"]
[Round "9.8"]
[White "Rozycki, Bartlomiej"]
[Black "Fus, Jakub"]
[Result "0-1"]
[WhiteElo "2099"]
[BlackElo "2444"]

1. e4 e5 2. Nf3 Nc6 3. Bc4 Bc5 4. c3 Nf6 5. d3 d6 6. a4 a6 7. O-O O-O 8.
Na3 Ne7 9. Nc2 Ng6 10. h3 c6 11. Re1 Bb6 12. Be3 Bc7 13. b4 d5 14. exd5
Nxd5 15. Qd2 h6 16. a5 Qf6 17. Bc5 Re8 18. Bxd5 cxd5 19. Nh2 Nf4 20. Re3
Qg5 21. Ne1 Nxh3+ 22. Kh1 Nf4 23. g3 Ng6 24. f4 Qh5 25. d4 e4 26. Ng2 Ne7
27. Qf2 Bg4 28. Ree1 Nf5 29. Ne3 Nxg3+ 30. Qxg3 Bf3+ 31. Kg1 Re6 32. Nxf3
Rg6 0-1

[Event "Najdorf Memorial"]
[Site "Warsaw POL"]
[Date "2024.07.17"]
[Round "9.9"]
[White "Cukrowski, Filip"]
[Black "Sprzeczka, Emilia"]
[Result "1-0"]
[WhiteElo "2403"]
[BlackElo "2101"]

1. d4 Nf6 2. c4 g6 3. Nc3 d5 4. cxd5 Nxd5 5. e4 Nxc3 6. bxc3 Bg7 7. Nf3 c5
8. Be3 Qa5 9. Qd2 O-O 10. Rb1 Bg4 11. Rb5 Qa3 12. Rxc5 Rd8 13. Rb5 Nd7 14.
Qb2 Qa4 15. Be2 Rac8 16. O-O Nb6 17. Rc1 e5 18. Nxe5 Bxe2 19. Qxe2 Bxe5 20.
Rxe5 Nc4 21. Re7 Nxe3 22. Qxe3 Qxa2 23. Rxb7 a5 24. h4 h5 25. Qf4 a4 26. g4
hxg4 27. d5 Rf8 28. h5 Qe2 29. hxg6 fxg6 30. Qh2 Rf7 31. Rxf7 Kxf7 32. Qh7+
Kf6 33. Qh4+ Kg7 34. Qe7+ Kh6 35. Qh4+ Kg7 36. Qe7+ Kh6 37. Rb1 g3 38. Qh4+
Qh5 39. Qxh5+ Kxh5 40. d6 gxf2+ 41. Kxf2 Kg5 42. Ke3 Kf6 43. Kd4 Ke6 44. e5
a3 45. Rb7 Ra8 46. c4 Ra4 47. Re7+ Kf5 48. Rf7+ Kg4 49. Rf1 a2 50. e6 a1=Q+
51. Rxa1 Rxa1 52. e7 Re1 53. d7 Rd1+ 54. Kc3 1-0

[Event "Najdorf Memorial"]
[Site "Warsaw POL"]
[Date "2024.07.17"]
[Round "9.10"]
[White "Zawadzka, Jolanta"]
[Black "Patil, Harshal"]
[Result "0-1"]
[WhiteElo "2349"]
[BlackElo "2083"]

1. e4 c6 2. Nf3 d5 3. Nc3 Bg4 4. h3 Bxf3 5. Qxf3 e6 6. g3 Bc5 7. Bg2 h5 8.
O-O h4 9. g4 Ne7 10. Qe2 d4 11. Na4 d3 12. Qxd3 Qxd3 13. cxd3 Bd4 14. Nc3
Na6 15. Ne2 O-O-O 16. Nxd4 Rxd4 17. b3 f6 18. Rd1 e5 19. Bb2 Rd7 20. f4 Nb4
21. fxe5 Nxd3 22. Bc3 fxe5 23. Rf1 Ng6 24. Rf5 b5 25. a3 Ngf4 26. Bf1 Re8
27. b4 Kb7 28. Kh2 g6 29. Rf6 Red8 30. a4 a6 31. axb5 axb5 32. Ra2 Rd6 33.
Rf7+ R6d7 34. Rf6 Ne1 35. Kh1 Nf3 36. d3 Rxd3 37. Bxd3 Rxd3 38. Rf7+ Kb6
39. Ra1 Rxc3 40. Rfa7 Rc1+ 41. Rxc1 Kxa7 42. Rxc6 Kb7 43. Rc3 Nd4 44. Rc5
Nd3 45. Rd5 Kc6 46. g5 Kc7 47. Kg1 Nxb4 48. Rc5+ Nbc6 49. Kf2 Kd6 50. Rc1
Ne6 51. Ke3 Ncd4 52. Rf1 b4 53. Kd3 b3 54. Kc3 Nxg5 55. Rf6+ Kc5 56. Rxg6
Nxe4+ 57. Kb2 Nd2 58. Rg4 Nc4+ 59. Kb1 Kb4 60. Rxh4 Kc3 0-1